Normal view
MARC view
- الاستثمار- الاوراق المالية
Entry Topical Term
001 - CONTROL NUMBER
- control field: 44018
003 - CONTROL NUMBER IDENTIFIER
- control field: JO-AjAnu
005 - DATE AND TIME OF LATEST TRANSACTION
- control field: 20230606081306.0
008 - FIXED-LENGTH DATA ELEMENTS
- fixed length control field: 230606|| aca||aabn | a|a d
040 ## - CATALOGING SOURCE
- Original cataloging agency: JO-AjAnu
- Transcribing agency: JO-AjAnu
150 ## - HEADING--TOPICAL TERM
- Topical term or geographic name entry element: الاستثمار- الاوراق المالية
670 ## - SOURCE DATA FOUND
- Source citation: Work cat.: (JO-AjAnu)22537: هندي، منير ابراهيم, author 44017, الاوراق المالية واسواق المال